000 00442nam a2200193Ia 4500
005 20240823035633.0
008 240823s9999||||xx |||||||||||||| ||und||
020 _a978-0-143-41409-4
041 _aENGLISH
082 _A823.92 Q2
100 _aSidin Vadukut
245 0 _aWho let the Dork out?
250 _a1st
260 _c2012
_b"Penguin Books,En"
500 _aYES
650 _aNovel
_bEnglish
942 _cBK
999 _c201162
_d201162